000 01514nam a22002537a 4500
003 NALT
005 20251125233022.0
008 s2549 th tha d
040 _aNALT
041 _atha
050 _aHC 445
_bว516ส 2549
110 2 _aสถาบันวิจัยเพื่อการพัฒนาประเทศไทย
_95962
245 1 0 _aสู่หนึ่งทศวรรษหลังวิกฤตเศรษฐกิจ :
_bได้เรียนรู้และปรับปรุงอะไรบ้าง? กลุ่ม 3 ธรรมาภิบาลทางการเมืองกับนโยบายทางเศรษฐกิจ /
_cสถาบันวิจัยเพื่อการพัฒนาประเทศไทย.
260 _aกรุงเทพฯ :
_bสถาบันวิจัยเพื่อการพัฒนาประเทศไทย,
_c2549.
300 _a1 เล่ม :
_bตาราง ;
_c29 ซม.
650 4 _aธุรกิจกับการเมือง
_945968
650 4 _aการทุจริตและประพฤติมิชอบ
_912421
_zไทย
650 0 _aธรรมรัฐ
_93947
651 4 _aไทย
_xภาวะเศรษฐกิจ
_93477
850 _aNALT
856 4 0 _uhttps://hdl.handle.net/20.500.14156/462340
942 _cGB
_2lcc
998 _c103
_bphon
_j1020
_k จำเรียง ระวังสำโรง
999 _c51720
_d51720